书目信息 |
| 题名: |
3分钟高血压健康疗法
|
|
| 作者: | 陈广垠 主编 | |
| 分册: | ||
| 出版信息: | 合肥 安徽科学技术出版社 2019 |
|
| 页数: | 209页 | |
| 开本: | 24cm | |
| 丛书名: | ||
| 单 册: | ||
| 中图分类: | R544.105 | |
| 科图分类: | ||
| 主题词: | 高血压--治疗 | |
| 电子资源: | ||
| ISBN: | 978-7-5337-7855-2 | |
| 000 | 00896nam0 2200229 45 | |
| 001 | 012001003356 | |
| 005 | 20140130110534.0 | |
| 010 | @a978-7-5337-7855-2@dCNY26.80 | |
| 100 | @a20190311d2019 em y0chiy0110 ea | |
| 101 | 0 | @achi |
| 102 | @aCN@b340000 | |
| 105 | @ay z 000yy | |
| 106 | @ar | |
| 200 | 1 | @a3分钟高血压健康疗法@93 fen zhong gao xue ya jian kang liao fa@f陈广垠主编 |
| 210 | @a合肥@c安徽科学技术出版社@d2019 | |
| 215 | @a209页@d24cm | |
| 330 | @a高血压已成为中国人健康的“头号杀手”,对健康危害很大。本书详细介绍了高血压的诱因,以及如何通过健康疗法,如饮食、运动、按摩等平稳血压,每天利用3分钟,即可逐渐缓解病情,减少患者用药的同时控制好病情。本书内容详实、可操作性强,是一本不可多得的常见病健康枕边书。 | |
| 606 | 0 | @a高血压@x治疗 |
| 690 | @aR544.105@v5 | |
| 701 | 0 | @a陈广垠@9chen guang yin@4主编 |
| 801 | 0 | @aCN@b北京卓展@c20191020 |
| 905 | @b1211336-9@dR544.105@e148@f4 | |
| 3分钟高血压健康疗法/陈广垠主编.-合肥:安徽科学技术出版社,2019 |
| 209页;24cm |
| ISBN 978-7-5337-7855-2:CNY26.80 |
| 高血压已成为中国人健康的“头号杀手”,对健康危害很大。本书详细介绍了高血压的诱因,以及如何通过健康疗法,如饮食、运动、按摩等平稳血压,每天利用3分钟,即可逐渐缓解病情,减少患者用药的同时控制好病情。本书内容详实、可操作性强,是一本不可多得的常见病健康枕边书。 |
| ● |
| 相关链接 |
|
|
|
|
正题名:3分钟高血压健康疗法
索取号:R544.105/148
 
预约/预借
| 序号 | 登录号 | 条形码 | 馆藏地/架位号 | 状态 | 备注 |
| 1 | 1211336 | 212113363 | 第二样本阅览室/ [索取号:R544.105/148] | 在馆 | |
| 2 | 1211337 | 212113372 | 第三借阅区/ [索取号:R544.105/148] | 在馆 | |
| 3 | 1211338 | 212113381 | 第三借阅区/ [索取号:R544.105/148] | 在馆 | |
| 4 | 1211339 | 212113390 | 第三借阅区/ [索取号:R544.105/148] | 在馆 |